| 000 -ლიდერი |
| ფიქსირებული სიგრძის საკონტროლო ველი |
01199nam a2200241Ia 4500 |
| 001 - საკონტროლო ნომერი |
| საკონტროლო ველი |
6441 |
| 003 - საკონტროლო ნომრის იდენტიფიკატორი |
| საკონტროლო ველი |
GE_BSU |
| 005 - ბოლო ოპერაციის თარიღი და დრო |
| საკონტროლო ველი |
20190528202209.0 |
| 008 - ფიქსირებული სიგრძის მონაცემთა ელემენტები - ზოგადი ინფორმაცია |
| ფიქსირებული სიგრძის საკონტროლო ველი |
181216s1974||||ge |||||||||||||| ||geo|| |
| 040 ## - კატალოგიზაციის წყარო |
| Transcribing agency |
GE_BSU |
| 041 ## - ენის კოდი |
| Language code of text/sound track or separate title |
geo |
| 080 ## - უნივერსალური ათობითი კლასიფიკაციის ინდექსი |
| Universal Decimal Classification number |
54+546(076) ლ-13 |
| 245 ## - ცნობა სათაურის შესახებ |
| Title |
ლაბორატორიული სამუშაოები ზოგად და არაორგანულ ქიმიაში : ნაწილი პირველი / |
| Statement of responsibility, etc |
შემდგ : პ.გაგნიძე ; ლ.რურუა ; თ.ჭყონია ; რედ : მ. ძიძიგური. |
| 264 ## - წარმოების, გამოცემის, დისტრიბუციის და სხვა ცნობები |
| გამოცემის, წარმოების, დისტრიბუციის... ადგილი |
თბილისი : |
| გამოცემის, წარმოების, დისტრიბუციის... სახელწოდება |
საქ.პოლიტექ.ინ-ტი, |
| გამოცემის, წარმოების, დისტრიბუციის... თარიღი |
1974. |
| 300 ## - ფიზიკური აღწერა |
| Extent |
56 გვ .: |
| Dimensions |
20 სმ. |
| 653 ## - INDEX TERM--UNCONTROLLED |
| Uncontrolled term |
ზოგადი და არაორგანული ქიმია. |
| 653 ## - INDEX TERM--UNCONTROLLED |
| Uncontrolled term |
ქიმია |
| 700 ## - ADDED ENTRY--PERSONAL NAME |
| Personal name |
გაგნიძე, პ |
| Relator term |
შემდგენელი |
| 9 (RLIN) |
1784 |
| 700 ## - ADDED ENTRY--PERSONAL NAME |
| Personal name |
რურუა, ლ |
| Relator term |
შემდგენელი |
| 9 (RLIN) |
1785 |
| 700 ## - ADDED ENTRY--PERSONAL NAME |
| Personal name |
ჭყონია,თ |
| Relator term |
შემდგენელი |
| 9 (RLIN) |
1786 |
| 700 ## - ADDED ENTRY--PERSONAL NAME |
| Relator code |
ძიძიგური, მ |
| Dates associated with a name |
რედაქტორი |
| 9 (RLIN) |
1787 |
| 942 ## - ADDED ENTRY ELEMENTS (KOHA) |
| Koha item type |
წიგნი |
| Source of classification or shelving scheme |
|